| 000 | 00495nam a2200169Ia 4500 | ||
|---|---|---|---|
| 999 |
_c3574 _d3574 |
||
| 003 | OSt | ||
| 005 | 20200928141027.0 | ||
| 008 | 190216s9999||||xx |||||||||||||| ||und|| | ||
| 020 | _a9788131236017 | ||
| 040 | _coclc | ||
| 082 |
_a574.192 _bSAT/B |
||
| 100 |
_aSatyanarayana, U _95030 |
||
| 245 | 0 |
_aBiochemistry / _c U Satyanarayana ; U Chakrapani |
|
| 260 |
_bElsevier Science Pub, _c2013. _aKolkata: |
||
| 300 | _a799p | ||
| 942 |
_cBK _2ddc _h574.192 _iSAT/B _k574.192 _mSAT/B |
||